|
|
|
|
| LEADER |
01077cam a2200265 i 4500 |
| 001 |
1497 |
| 003 |
BD-DhAAL |
| 005 |
20130905121711.0 |
| 008 |
130905s1976 my a 000 0 eng d |
| 010 |
|
|
|a 77940819
|
| 040 |
|
|
|a DLC
|c DLC
|d DLC
|d BD-DhAAL
|
| 050 |
0 |
0 |
|a SH307.M4
|b C66 1976
|
| 082 |
0 |
0 |
|a 363.7/394/095951
|2 19
|
| 110 |
2 |
|
|a Consumers Association of Penang.
|9 2932
|
| 245 |
1 |
0 |
|a Pollution :
|b kuala Juru's battle for survival.
|
| 260 |
|
|
|a Pinang :
|b Consumers' Association of Penang,
|c 1976.
|
| 300 |
|
|
|a 73 p. :
|b ill. ;
|c 19 cm.
|
| 541 |
|
|
|e 1497
|
| 650 |
|
0 |
|a Fisheries
|x Economic aspects
|z Malaysia
|z Kampong Kuala Juru (Pinang)
|9 2933
|
| 650 |
|
0 |
|a Fishes
|x Effect of water pollution on.
|9 2934
|
| 650 |
|
0 |
|a Water
|x Pollution
|z Malaysia
|z Kampong Kuala Juru (Pinang)
|9 2935
|
| 650 |
|
0 |
|a Industries
|z Malaysia
|z Kampong Kuala Juru (Pinang)
|9 2936
|
| 942 |
|
|
|2 ddc
|c BK
|
| 999 |
|
|
|c 13931
|d 13931
|
| 952 |
|
|
|0 0
|1 0
|2 ddc
|4 0
|6 363_739409595100000_POL
|7 0
|9 23326
|a BRACUL
|b BRACUL
|c GEN
|d 2013-09-05
|g 0.00
|l 0
|o 363.7394095951 POL
|p 3010001497
|r 2013-09-05
|t 1
|w 2013-09-05
|y BK
|z Not price in Register
|